El Perú Republicano y Moderno : (Record no. 5014)

000 -CABECERA
fixed length control field 00823nam a22002297a 4500
003 - IDENTIFICADOR DEL NÚMERO DE CONTROL
control field AR-CdUCM
008 - DATOS DE LONGITUD FIJA--INFORMACIÓN GENERAL
fixed length control field 190311b ||||| |||| 00| 0 spa d
040 ## - FUENTE DE LA CATALOGACIÓN
Agencia/entidad que catalogó originalmente la obra MUNICIPALIDAD PROVINCIAL DEL CUSCO
Entidad que transcribió la catalogación BIBLIOTECA MUNICIPAL DEL CUSCO
082 ## - NÚMERO DE LA CLASIFICACIÓN DECIMAL DEWEY
No. de Clasificación 985.05 /
Notacion interna P19
100 ## - ENTRADA PRINCIPAL--NOMBRE DE PERSONA
Nombre Personal Palacios Rodriguez, Raúl
245 ## - MENCIÓN DE TÍTULO
Título El Perú Republicano y Moderno :
Resto del título 1868-1968 /
260 ## - PUBLICACIÓN, DISTRIBUCIÓN, ETC.
Lugar de publicación, distribución, etc. Lima :
Nombre de la editorial, distribuidor, etc. Librería Studium ;
Fecha de publicación, distribución, etc. 1989.
300 ## - DESCRIPCIÓN FÍSICA
Nº de Páginas Extensión 574 páginas ;
Otros detalles físicos Fotografías, cuadros, mapas
Dimensiones 23cm
505 ## - NOTA DE CONTENIDO CON FORMATO
Nota de contenido formateada Contenido: El quehacer político -- La actividad económica -- El desarrollo social y aspectos conexos...
650 ## - PUNTO DE ACCESO ADICIONAL DE MATERIA--TÉRMINO DE MATERIA
Descriptor Institucionalidad
9 (RLIN) 15334
650 ## - PUNTO DE ACCESO ADICIONAL DE MATERIA--TÉRMINO DE MATERIA
Descriptor Guerra civil
9 (RLIN) 1772
650 ## - PUNTO DE ACCESO ADICIONAL DE MATERIA--TÉRMINO DE MATERIA
Descriptor Política
9 (RLIN) 291
650 ## - PUNTO DE ACCESO ADICIONAL DE MATERIA--TÉRMINO DE MATERIA
Descriptor Economía
9 (RLIN) 382
650 ## - PUNTO DE ACCESO ADICIONAL DE MATERIA--TÉRMINO DE MATERIA
Descriptor Desarrollo social
9 (RLIN) 1131
942 ## - ELEMENTOS DE PUNTO DE ACCESO ADICIONAL (KOHA)
Fuente de clasificación
Tipo de item Libros-BMC
945 ## - PROCESAMIENTO DE INFORMACIÓN LOCAL (OCLC)
Catalogador nom
Holdings
Estado de retiro (separado) Fuente de clasificación o esquema de estanterías Estado dañado Ubicación Sala donde se ubica Nombre de la colección Fecha de adquisición o compra Costo, precio normal en soles Signatura topográfica Código de Barras Última vez visto (Koha) Tipo de ítem (Koha)
No     Sala Humanidades Sala Humanidades Book Cart 2019-03-11 60.00 985.05 / P19 SH0000005484 2019-03-11 Libros-BMC
No     Sala Humanidades Sala Humanidades Book Cart 2019-03-11 60.00 985.05 / P19 / e.2 SH0000005453 2019-03-11 Libros-BMC

Powered by Koha